| 000 | 01392caa a22002655a 4500 | ||
|---|---|---|---|
| 001 | E142438 | ||
| 008 | 08014 e20080213stk f s000 0 eng d | ||
| 020 | _a9780755956999 | ||
| 035 | _a(Sirsi) u142438 | ||
| 041 | 0 | _aeng | |
| 110 | 1 |
_aScotland _bScottish Government _95344 |
|
| 245 | 4 | 4 |
_aThe future of flood risk management in Scotland _ba consultation document _h[electronic resource] |
| 260 |
_aEdinburgh _bScottish Government _c2008 |
||
| 520 | _aA framework document outlining sustainable flood risk management in Scotland. Announced on 5 September 2007 that the Scottish Government will introduce a Flooding Bill in 2008 to modernise the flood risk management system in Scotland. The broad objective in promoting new legislation is to provide the framework to ensure that a modern approach to flood management is in place across Scotland. | ||
| 520 | _aSee also ISBN 9780755916436. | ||
| 520 | _aComments on the proposal by 23 April 2008 | ||
| 590 | _aKA | ||
| 650 | 2 | 4 | _aDRAFT FLOODING (SCOTLAND) BILL 2008 |
| 650 | 2 | 4 | _aRESERVOIRS ACT 1975 |
| 650 | 2 | 4 | _aFLOOD PREVENTION (SCOTLAND) ACT 1961 |
| 651 | 4 |
_aScotland _y1999- |
|
| 690 | _aENVIRONMENTAL AND LAND CONSULTANCY-WATER RESOURCE MANAGEMENT-FLOODING | ||
| 856 | 4 | 0 |
_uhttps://www.scotland.gov.uk/Publications/2008/02/13095729/0 _zView the consultation free of charge at www.scotland.gov.uk/consultations... |
| 942 | _n0 | ||
| 999 |
_c107886 _d107886 |
||